000 00285nam a2200097 a 4500
005 20200930055603.0
008 110415s2004 000 spa d
245 0 _aGuiados por el espiritu vividos en comunidad: catequesis de iniciación cristiana.
260 _c[s.f.].
999 _c28979
_d28979
040 _aDO-SdBNP